Project Approach to Teaching and Learning Economics

Projekt vyučovania, metódy z teoretického aj praktického hľadiska, porovnanie definícií rôznych autorov s názormi učiteľov stredných škôl a ekonomických subjektov. Základné rysy koncepcie výučby a návrh možných kombinácií s inými metódami a konceptami výučby vhodných pre proces ekonomického vzdelá...

ver descrição completa

Na minha lista:
Detalhes bibliográficos
Autor principal: Novák, Jaromír, 1978-
Formato: Capítulo de Livro
Idioma:inglês
Assuntos:
Tags: Adicionar Tag
Sem tags, seja o primeiro a adicionar uma tag!

MARC

LEADER 00000nla a2200000 4500
001 0238526
005 20240502083638.3
041 0 |a eng 
044 |a AT 
245 1 0 |a Project Approach to Teaching and Learning Economics  |c Jaromír Novák 
520 |a Projekt vyučovania, metódy z teoretického aj praktického hľadiska, porovnanie definícií rôznych autorov s názormi učiteľov stredných škôl a ekonomických subjektov. Základné rysy koncepcie výučby a návrh možných kombinácií s inými metódami a konceptami výučby vhodných pre proces ekonomického vzdelávania. 
610 2 0 |a ekonómia 
610 2 0 |a výučba vedecká 
610 2 0 |a vzdelávanie 
610 2 0 |a projekty 
100 1 |a Novák, Jaromír, 1978-